Music Quiz

Random Music or Song Quiz
Score 0/30 Timer 07:00
0 Plays Today
% Correct
Best Of You
99.3%
All My Life
99.3%
Everlong
99.3%
My Hero
98.6%
Big Me
98.6%
Learn To Fly
98.6%
Breakout
97.9%
Monkey Wrench
97.9%
The Pretender
97.9%
Times Like These
97.2%
Rope
95.8%
This Is A Call
95.1%
DOA
92.4%
Walking After You
92.4%
Stacked Actors
91.7%
% Correct
Saint Cecilia
91.7%
Hey, Johnny Park!
91.7%
Generator
88.9%
For All The Cows
86.8%
Next Year
86.8%
No Way Back
85.4%
Low
79.9%
Outside
79.9%
M.I.A
79.2%
Come Alive
79.2%
Cheer Up,Boys (Your Make Up Is Running)
78.5%
Wind Up
71.5%
Iron Rooster
70.8%
Disenchanted Lullaby
70.8%
Floaty
68.8%

You're not logged in!

Compare scores with friends on all Sporcle quizzes.
OR
Log In

Sporcle TV

Today on Sporcle TV


Watch our educational content, quiz creation guides, and fun videos on Sporcle TV.

Show Comments

Extras

Top Quizzes Today


Score Distribution

Paid Content

Your Account Isn't Verified!

In order to create a playlist on Sporcle, you need to verify the email address you used during registration. Go to your Sporcle Settings to finish the process.

Report this User

Report this user for behavior that violates our Community Guidelines.

Details: